Introducción a la teoría de grupos para químicos
Saved in:
| Hovedforfatter: | |
|---|---|
| Format: | Bog |
| Sprog: | spansk |
| Udgivet: |
Barcelona
Reverté
1979
|
| Fag: | |
| Tags: |
Tilføj Tag
Ingen Tags, Vær først til at tagge denne postø!
|
MARC
| LEADER | 00000nam a2200000 a 4500 | ||
|---|---|---|---|
| 001 | UCW2633 | ||
| 003 | CL-VaPUC | ||
| 008 | 900427e19790000SP |||||||||||||||||spa|d | ||
| 082 | 0 | 4 | |a 541.22 |b DAV |2 21 |
| 100 | 0 | |a Davidson, George |e author |9 306891 | |
| 245 | 1 | 0 | |a Introducción a la teoría de grupos para químicos |
| 300 | |a 146 p | ||
| 942 | |c BK | ||
| 945 | |d 19900427 00:00:00 | ||
| 260 | |a Barcelona |b Reverté |c 1979 | ||
| 650 | 0 | |a Teoría de grupos |9 270028 | |
| 650 | 0 | |a Estructura molecular |9 306892 | |
| 583 | |a last modification |c 19900427 00:00:00 |k Rodrigo Vera | ||
| 999 | |c 217140 |d 217138 | ||
| 952 | |0 0 |1 0 |4 0 |6 541_220000000000000_DAV_1979 |7 0 |8 A |9 203826 |a BIBCUR |b BIBCUR |d 2019-11-15 |i 2710854 |o 541.22 DAV 1979 |p 2710854 |r 2025-04-22 |w 2019-11-15 |y BK |k QUI | ||